Normal view MARC view

Entry Topical Term

Number of records used in: 1

001 - CONTROL NUMBER

  • control field: 16930

003 - CONTROL NUMBER IDENTIFIER

  • control field: OSt

005 - DATE AND TIME OF LATEST TRANSACTION

  • control field: 20260601160201.0

008 - FIXED-LENGTH DATA ELEMENTS

  • fixed length control field: 260601|| aca||aabn | a|a d

040 ## - CATALOGING SOURCE

  • Original cataloging agency: OSt
  • Transcribing agency: OSt

150 ## - HEADING--TOPICAL TERM

  • Topical term or geographic name entry element: School-business relationships

670 ## - SOURCE DATA FOUND

  • Source citation: Work cat.: (OSt)6208: Canoy, Heracelia S., author 5777, An assessment of manpower status of the banking industry in Dumaguete City :$ba basis for enrichment of the business education program /, 1995.